Základné vedomosti podnikateľa o daňovej kontrole
Miesto daňovej kontroly v systéme verejných financií. Činnosť daňovej kontroly. Povinnosti a práva daňového subjektu pri kontrole. Varianty sankčného systému daňových orgánov. Rámcové kategórie chýb, zistených pri daňovej kontrole.
Enregistré dans:
| Auteur principal: | |
|---|---|
| Format: | Livre |
| Langue: | slovaque |
| Sujets: | |
| Tags: |
Pas de tags, Soyez le premier à ajouter un tag!
|
MARC
| LEADER | 00000nam a2200000 4500 | ||
|---|---|---|---|
| 001 | r031847 | ||
| 005 | 20230911131125.5 | ||
| 041 | 0 | |a slo | |
| 044 | |a SK | ||
| 245 | 1 | 0 | |a Základné vedomosti podnikateľa o daňovej kontrole |c Emil Burák |
| 520 | |a Miesto daňovej kontroly v systéme verejných financií. Činnosť daňovej kontroly. Povinnosti a práva daňového subjektu pri kontrole. Varianty sankčného systému daňových orgánov. Rámcové kategórie chýb, zistených pri daňovej kontrole. | ||
| 610 | 2 | 0 | |a kontrola daňová |
| 610 | 2 | 0 | |a financie verejné |
| 610 | 2 | 0 | |a účtovníctvo |
| 610 | 2 | 0 | |a sankcie |
| 610 | 2 | 0 | |a orgány finančné |
| 610 | 2 | 0 | |a zákony |
| 610 | 2 | 0 | |a Slovensko |
| 610 | 2 | 0 | |a 1993 |
| 100 | 1 | |a Burák, Emil | |